Southville International School and Colleges
Your cart is empty.
  • Cart
  • Lists
    Public lists Eva Luna New books Lux_list list_1
    Your lists Log in to create your own lists
  • Log in to your account
  • Your cookies
  • Search history
Southville International School and Colleges
  • Advanced search
  • Recent comments
  • Most popular
  • Libraries

Log in to your account

Log in with GOOGLE


If you do not have an external account, but do have a local account, you can still log in:

  1. Home
  2. MARC view: Economics
Normal view MARC view ISBD view

Economics (Record no. 15121)

[ view plain ]
MARC details
000 -LEADER
fixed length control field 01325cam a22003614a 4500
001 - CONTROL NUMBER
control field 13382629
003 - CONTROL NUMBER IDENTIFIER
control field OSt
005 - DATE AND TIME OF LATEST TRANSACTION
control field 20140310182656.0
008 - FIXED-LENGTH DATA ELEMENTS--GENERAL INFORMATION
fixed length control field 031024s2005 maua b 001 0 eng
010 ## - LIBRARY OF CONGRESS CONTROL NUMBER
LC control number 2003061502
020 ## - INTERNATIONAL STANDARD BOOK NUMBER
International Standard Book Number 0071240861
020 ## - INTERNATIONAL STANDARD BOOK NUMBER
International Standard Book Number 007111212X (international ed. : alk. paper)
040 ## - CATALOGING SOURCE
Original cataloging agency DLC
Transcribing agency DLC
Modifying agency DLC
042 ## - AUTHENTICATION CODE
Authentication code pcc
050 00 - LIBRARY OF CONGRESS CALL NUMBER
Classification number HB 171.5
Item number .M478 2005
082 00 - DEWEY DECIMAL CLASSIFICATION NUMBER
Classification number M 330
-- 22
Item number M13 2005
100 1# - MAIN ENTRY--PERSONAL NAME
Personal name McConnell, Campbell R.
245 10 - TITLE STATEMENT
Title Economics
Remainder of title principles, problems, and policies
Statement of responsibility, etc McConnell, Campbell R.
250 ## - EDITION STATEMENT
Edition statement 16th ed.
260 ## - PUBLICATION, DISTRIBUTION, ETC. (IMPRINT)
Place of publication, distribution, etc Boston
Name of publisher, distributor, etc McGraw-Hill/Irwin
Date of publication, distribution, etc c2005
300 ## - PHYSICAL DESCRIPTION
Extent xxx, 733 p.
Other physical details col. ill.
Dimensions 27 cm.
Accompanying material 1 CD-ROM (4 3/4 in.)
500 ## - GENERAL NOTE
General note Various multi-media supplements are available to supplement the text.
504 ## - BIBLIOGRAPHY, ETC. NOTE
Bibliography, etc Includes bibliographical references and index.
521 ## - TARGET AUDIENCE NOTE
Target audience note
526 ## - STUDY PROGRAM INFORMATION NOTE
Reading level 1210L to 1700L
541 ## - IMMEDIATE SOURCE OF ACQUISITION NOTE
-- 1
562 ## - COPY AND VERSION IDENTIFICATION NOTE
Number of copies for circulation. 1 copy available in the collection
650 #0 - SUBJECT ADDED ENTRY--TOPICAL TERM
Topical term or geographic name as entry element Economics.
700 1# - ADDED ENTRY--PERSONAL NAME
Personal name Brue, Stanley L.,
Dates associated with a name 1945-
906 ## - LOCAL DATA ELEMENT F, LDF (RLIN)
a 7
b cbc
c orignew
d 1
e ocip
f 20
g y-gencatlg
942 ## - ADDED ENTRY ELEMENTS (KOHA)
Source of classification or shelving scheme Library of Congress Classification
Koha item type Books
Call number prefix
Holdings
Withdrawn status Lost status Source of classification or shelving scheme Damaged status Home library Current library Shelving location Date acquired Total Checkouts Total Renewals Full call number Barcode Date last seen Date checked out Copy number Price effective from Koha item type
    Library of Congress Classification   College Library College Library General Circulation Section 04/18/2012 2 3 HB 171.5 .M478 2005 c4237 05/15/2018 02/18/2016 1 04/18/2012 Books

Economics

APA

McConnell C. R., Brue S. L., . (2005). Economics. Boston: McGraw-Hill/Irwin.

Chicago

McConnell Campbell R, Brue Stanley L, . 2005. Economics. Boston: McGraw-Hill/Irwin.

Harvard

McConnell C. R., Brue S. L., . (2005). Economics. Boston: McGraw-Hill/Irwin.

MLA

McConnell Campbell R, Brue Stanley L, . Economics. Boston: McGraw-Hill/Irwin. 2005.

  • Place hold
  • Print
  • Cite
  • Add to your cart (remove)
  • Save record
    BIBTEX Dublin Core MARCXML MARC (non-Unicode/MARC-8) MARC (Unicode/UTF-8) MARC (Unicode/UTF-8, Standard) MODS (XML) RIS
  • More searches
    Search for this title in:
    Other Libraries (WorldCat) Other Databases (Google Scholar) Online Stores (Bookfinder.com) Open Library (openlibrary.org)

Exporting to Dublin Core...

SOUTHVILLE LIBRARY

Southville International School and Colleges Library

1281 Tropical Ave. Cor. Luxembourg St., BF Homes International, Las Pinas City

Tel. No. 8256374 / 252358 Loc. 117/146

Powered by Koha